[Event "Hamburg Harburg - ch 14th C"]
[Site "Hamburg"]
[Date "2019.07.27"]
[Round "2.1"]
[White "Quitzau, Lukas"]
[Black "Eschweiler, Markus"]
[Result "1-0"]
[WhiteElo "1714"]
[BlackElo "1648"]
[PlyCount "88"]
[EventDate "2019.07.26"]
[EventType "tourn"]
[EventRounds "5"]
[EventCountry "GER"]
[WhiteTeam "Barmbeker SK 1926 eV"]
[BlackTeam "SK Marmstorf GW Harburg"]

1. d4 Nf6 2. c4 e6 3. Nc3 c5 4. d5 exd5 5. cxd5 d6 6. Nf3 a6 7. a4 Bf5 8. Nd2
Nbd7 9. e4 Bg4 10. Be2 Ne5 11. f3 Bh5 12. g4 Nfxg4 13. fxg4 Qh4+ 14. Kf1 Qh3+
15. Kg1 Bxg4 16. Bxg4 Nxg4 17. Qf3 Qh4 18. Nf1 Be7 19. Bf4 O-O 20. Ng3 Qh3 21.
Qg2 Qxg2+ 22. Kxg2 Rad8 23. Nf5 Bf6 24. Nxd6 Be5 25. Bxe5 Nxe5 26. Nf5 Rfe8 27.
Rad1 g6 28. Ng3 Nc4 29. Rb1 Nd2 30. Rbe1 Kg7 31. h4 h6 32. h5 Nc4 33. hxg6 fxg6
34. Re2 Ne5 35. Nd1 Nd3 36. Ne3 Nf4+ 37. Kf3 Nxe2 38. Kxe2 Rd6 39. Nc4 Rf6 40.
Rf1 Rxf1 41. Kxf1 b5 42. axb5 axb5 43. Nd6 Rf8+ 44. Ke2 b4 {unklar} 1-0

[Event "Hamburg Harburg - ch 14th C"]
[Site "Hamburg"]
[Date "2019.07.27"]
[Round "2.3"]
[White "Frackowiak, Stanislaw"]
[Black "Wusterack, Paul"]
[Result "1-0"]
[WhiteElo "1671"]
[BlackElo "1539"]
[PlyCount "101"]
[EventDate "2019.07.26"]
[EventType "tourn"]
[EventRounds "5"]
[EventCountry "GER"]
[WhiteTeam "Hamburger SK von 1830 eV"]
[BlackTeam "SC Turm Lüneburg e.V."]

1. d4 f5 2. c3 e6 3. Nf3 Nf6 4. Bg5 Be7 5. Nbd2 b6 6. Qc2 Bb7 7. Bxf6 Bxf6 8.
e4 fxe4 9. Nxe4 O-O 10. Bd3 g6 11. h4 Ba6 12. g4 Bxd3 13. Qxd3 d5 14. Neg5 Bxg5
15. Nxg5 Qf6 16. O-O-O Qf4+ 17. Qe3 Qxe3+ 18. fxe3 Re8 19. Rdf1 e5 20. Nf7 Nd7
21. Nh6+ Kg7 22. Rf7+ Kxh6 23. Rxd7 exd4 24. exd4 Re2 25. Rf1 Rh2 26. g5+ Kh5
27. Rxh7+ Kg4 28. Rg1+ Kf3 29. Rf7+ Ke3 30. Re1+ Kd3 31. Rd1+ Kc4 32. Rxc7+ Kb5
33. Rg7 Re8 34. Rd2 Rh1+ 35. Kc2 a5 36. Rxg6 a4 37. Rd6 Ree1 38. b3 a3 39.
Rxd5+ Kc6 40. Re5 Rb1 41. Kd3 Rb2 42. Ree2 Rh3+ 43. Kc4 b5+ 44. Kb4 Rb1 45.
Kxa3 Rxc3 46. Rc2 Rxc2 47. Rxc2+ Kb6 48. Rc5 Ka6 49. Rc6+ Ka5 50. b4+ Rxb4 51.
Ra6+ 1-0

[Event "Hamburg Harburg - ch 14th C"]
[Site "Hamburg"]
[Date "2019.07.27"]
[Round "3.1"]
[White "Wusterack, Paul"]
[Black "Quitzau, Lukas"]
[Result "0-1"]
[WhiteElo "1539"]
[BlackElo "1714"]
[PlyCount "99"]
[EventDate "2019.07.26"]
[EventType "tourn"]
[EventRounds "5"]
[EventCountry "GER"]
[WhiteTeam "SC Turm Lüneburg e.V."]
[BlackTeam "Barmbeker SK 1926 eV"]

1. d4 Nf6 2. c3 d6 3. e3 Nbd7 4. Bd3 e5 5. Nd2 Be7 6. f4 O-O 7. Ngf3 exf4 8.
exf4 Re8 9. O-O a5 10. Re1 Nf8 11. Ne4 Bg4 12. h3 Bd7 13. Bd2 Qc8 14. Nxf6+
Bxf6 15. Rxe8 Bxe8 16. Qe2 Bc6 17. Re1 a4 18. Ng5 h6 19. Ne4 Bh4 20. Rf1 Qd7
21. Qh5 Bxe4 22. Bxe4 Qe7 23. Qf3 c6 24. d5 c5 25. g3 Bf6 26. Re1 Qc7 27. g4 g6
28. g5 Bg7 29. f5 hxg5 30. Bxg5 f6 31. Be3 g5 32. Qh5 Qf7 33. Qxf7+ Kxf7 34.
Bf3 Nd7 35. Bh5+ Kf8 36. Bf2 Ne5 37. Bg3 Ke7 38. h4 gxh4 39. Bxh4 Rh8 40. Bxf6+
Kxf6 41. Bd1 Rh4 42. Kg2 Bh6 43. Kg3 Bg5 44. Rf1 b5 45. Be2 c4 46. Bf3 Rf4 47.
Be2 Rxf1 48. Bxf1 Nd3 49. b3 cxb3 50. axb3 0-1

[Event "Hamburg Harburg - ch 14th C"]
[Site "Hamburg"]
[Date "2019.07.27"]
[Round "3.2"]
[White "Floren, Dieter"]
[Black "Frackowiak, Stanislaw"]
[Result "1-0"]
[WhiteElo "1713"]
[BlackElo "1671"]
[PlyCount "117"]
[EventDate "2019.07.26"]
[EventType "tourn"]
[EventRounds "5"]
[EventCountry "GER"]
[WhiteTeam "Hamburger SK von 1830 eV"]
[BlackTeam "Hamburger SK von 1830 eV"]

1. e4 c5 2. Nc3 Nc6 3. g3 e5 4. Bg2 Nf6 5. Nge2 Be7 6. d3 O-O 7. O-O d6 8. h3
Bd7 9. Be3 Qc8 10. Kh2 Be6 11. Nd5 Qd7 12. c3 Rad8 13. f4 b6 14. f5 Bxd5 15.
exd5 Nb8 16. g4 h6 17. Ng3 Nh7 18. Ne4 Qb5 19. Qd2 Nd7 20. c4 Qa6 21. Qf2 Ndf6
22. Nc3 Qb7 23. Qe2 Ne8 24. Rab1 Bg5 25. b4 Qe7 26. bxc5 bxc5 27. Rb3 Bxe3 28.
Qxe3 Qh4 29. Qg3 Qg5 30. Ne4 Qe7 31. Rfb1 Rd7 32. a4 Nhf6 33. Nd2 Nc7 34. Ne4
Na6 35. h4 Nb4 36. Nxf6+ Qxf6 37. g5 hxg5 38. hxg5 Qxf5 39. Bh3 Qh7 40. Kg2 Re7
41. Rh1 g6 42. Rbb1 Qg7 43. Rbe1 f5 44. gxf6 Rxf6 45. Re4 Kf8 46. Be6 Rexe6 47.
dxe6 Rxe6 48. Reh4 Kg8 49. Qf3 e4 50. Rh8+ Qxh8 51. Rxh8+ Kxh8 52. Qf8+ Kh7 53.
Qf7+ Kh6 54. Qxe6 exd3 55. Qxd6 a5 56. Qxc5 Nc2 57. Qd6 Ne3+ 58. Kf3 Nxc4 59.
Qf4+ 1-0

[Event "Hamburg Harburg - ch 14th C"]
[Site "Hamburg"]
[Date "2019.07.28"]
[Round "4.3"]
[White "Wusterack, Paul"]
[Black "Floren, Dieter"]
[Result "1/2-1/2"]
[WhiteElo "1539"]
[BlackElo "1713"]
[PlyCount "97"]
[EventDate "2019.07.26"]
[EventType "tourn"]
[EventRounds "5"]
[EventCountry "GER"]
[WhiteTeam "SC Turm Lüneburg e.V."]
[BlackTeam "Hamburger SK von 1830 eV"]

1. d4 g6 2. Bf4 Bg7 3. e3 d6 4. Nf3 Nd7 5. c3 e5 6. dxe5 dxe5 7. Bg3 c6 8. Be2
Nh6 9. Nbd2 Nf5 10. e4 Nxg3 11. hxg3 Nb6 12. Qc2 Be6 13. O-O-O Qe7 14. Nb3 a5
15. c4 a4 16. Nbd2 Nd7 17. a3 Nc5 18. Ne1 O-O 19. Nd3 Rfc8 20. Rdf1 b5 21. Kd1
Nb3 22. Ke1 Nd4 23. Qc1 bxc4 24. Nxc4 Rd8 25. Ndxe5 Bxc4 26. Nxc4 Qxe4 27. Ne3
Nxe2 28. Kxe2 Qd3+ 29. Kf3 Qb5 30. Qc4 Qxb2 31. Qxc6 Qe5 32. Rh4 Rdc8 33. Qe4
Qxe4+ 34. Rxe4 Rc3 35. Rd1 Rxa3 36. Rd7 Rf8 (36... Rxe3+ $1 37. Kxe3 a3 $19)
37. Ra7 Rd8 38. Rexa4 Rxa4 39. Rxa4 h5 40. Rc4 Kf8 41. Re4 f5 42. Re6 Kf7 43.
Rc6 Rd2 44. Rc7+ Kf6 45. Rc6+ Kg5 46. Nc4 Ra2 47. Ne3 Bd4 48. Re6 Rd2 49. Rc6
1/2-1/2

[Event "Hamburg Harburg - ch 14th C"]
[Site "Hamburg"]
[Date "2019.07.28"]
[Round "4.2"]
[White "Frackowiak, Stanislaw"]
[Black "Eschweiler, Markus"]
[Result "1/2-1/2"]
[WhiteElo "1671"]
[BlackElo "1648"]
[PlyCount "80"]
[EventDate "2019.07.26"]
[EventType "tourn"]
[EventRounds "5"]
[EventCountry "GER"]
[WhiteTeam "Hamburger SK von 1830 eV"]
[BlackTeam "SK Marmstorf GW Harburg"]

{[%evp 0,20,19,34,29,22,24,5,25,8,0,0,34,2,1,4,10,14,26,-39,-3,10,1]} 1. d4 Nf6
2. Nf3 d5 3. e3 a6 4. Bd3 Nc6 5. O-O Nb4 6. Be2 Bf5 7. Na3 h6 8. c3 Nc6 9. Qb3
b5 10. Nb1 e6 11. Qd1 Bd6 12. Bd3 Bxd3 13. Qxd3 O-O 14. Nbd2 Re8 15. e4 dxe4
16. Nxe4 Nxe4 17. Qxe4 Ne7 18. Qc2 c5 19. Be3 Nd5 20. Rfe1 Nxe3 21. Rxe3 cxd4
22. Nxd4 Qc7 23. Nf3 b4 24. Rae1 Rac8 25. g3 bxc3 26. Rxc3 Qb7 27. Rxc8 Rxc8
28. Qe2 Rb8 29. Rd1 Be7 30. b3 Rd8 31. Rxd8+ Bxd8 32. Ne5 g6 33. Nc4 Be7 34.
Qc2 Qc7 35. Qe4 Kg7 36. Qa8 Qd7 37. Ne5 Qb5 38. Nc4 Qd7 39. Qf3 Bf6 40. Qe2 Qc6
1/2-1/2

[Event "Hamburg Harburg - ch 14th C"]
[Site "Hamburg"]
[Date "2019.07.28"]
[Round "5.1"]
[White "Floren, Dieter"]
[Black "Quitzau, Lukas"]
[Result "1-0"]
[WhiteElo "1713"]
[BlackElo "1714"]
[PlyCount "89"]
[EventDate "2019.07.26"]
[EventType "tourn"]
[EventRounds "5"]
[EventCountry "GER"]
[WhiteTeam "Hamburger SK von 1830 eV"]
[BlackTeam "Barmbeker SK 1926 eV"]

1. e4 d6 2. d4 Nf6 3. Nc3 Nbd7 4. Bc4 e5 5. Nf3 Be7 6. O-O c6 7. a4 Qc7 8. Ba2
a5 9. Re1 h6 10. Bd2 g5 11. Qe2 Nf8 12. Kh1 Ng6 13. dxe5 dxe5 14. g3 g4 15. Ng1
h5 16. Bg5 h4 17. Bxf6 Bxf6 18. Qc4 Qe7 19. Nce2 hxg3 20. fxg3 Be6 21. Qc3 Bxa2
22. Rxa2 Bg5 23. Rf1 Nf8 24. Raa1 Nd7 25. Rf5 f6 26. Qe1 Nc5 27. Nc3 Ne6 28.
Rf2 Nd4 29. Nd1 Qc5 30. c3 Nb3 31. Rb1 Rd8 32. Re2 Rd3 33. Nf2 Rxg3 34. Rd1 Be3
35. Rc2 Qf8 36. Qe2 Qh6 37. Nxg4 Qf4 38. Nxe3 Rxe3 39. Qg2 {[#]} Qh6 $2 {(=)} (
39... Rg3) (39... Qxe4) 40. Rf2 Qh7 41. Rxf6 Rxe4 42. Rfd6 Nc5 43. Rd8+ Ke7 44.
Qg5+ Kf7 45. R8d7+ 1-0

[Event "Hamburg Harburg - ch 14th C"]
[Site "Hamburg"]
[Date "2019.07.28"]
[Round "5.2"]
[White "Eschweiler, Markus"]
[Black "Wusterack, Paul"]
[Result "1/2-1/2"]
[WhiteElo "1648"]
[BlackElo "1539"]
[PlyCount "63"]
[EventDate "2019.07.26"]
[EventType "tourn"]
[EventRounds "5"]
[EventCountry "GER"]
[WhiteTeam "SK Marmstorf GW Harburg"]
[BlackTeam "SC Turm Lüneburg e.V."]

1. c4 e5 2. Nc3 Bc5 3. Nf3 Nc6 4. e3 d6 5. h3 Nf6 6. d4 exd4 7. exd4 Bb6 8. Be2
h6 9. O-O O-O 10. a3 Bd7 11. Be3 a6 12. Bd3 Ne7 13. Qc2 c6 14. Rad1 d5 15. c5
Bc7 16. Rfe1 Re8 17. Qc1 Bf5 18. Bxf5 Nxf5 19. Bd2 Ne4 20. Nxe4 Rxe4 21. Be3
Nxe3 22. fxe3 Qe7 23. Rd3 Re8 24. Nd2 Re6 25. Nf1 Qd7 26. Re2 R8e7 27. Rf2 Qe8
28. Rf3 Rg6 29. Qe1 Ree6 30. Qf2 Ref6 31. Rb3 Qc8 32. Rxf6 1/2-1/2

[Event "Hamburg Harburg - ch 14th D"]
[Site "Hamburg"]
[Date "2019.07.26"]
[Round "1.1"]
[White "Altenburg, Nils"]
[Black "Fasahat, Hossein"]
[Result "1-0"]
[WhiteElo "1497"]
[BlackElo "1514"]
[PlyCount "221"]
[EventDate "2019.07.26"]
[EventType "tourn"]
[EventRounds "5"]
[EventCountry "GER"]
[WhiteTeam "Hamburger SK von 1830 eV"]
[BlackTeam "Hamburger SK von 1830 eV"]

{[%evp 0,221,28,18,27,20,18,17,25,27,32,31,40,24,24,5,40,19,20,7,10,-36,-4,8,
15,2,9,6,4,-20,-9,-23,-23,-24,-10,12,10,-20,-19,-18,-18,-12,-9,-27,-25,-35,-38,
-32,-18,-33,-3,-24,-10,-5,-1,-8,0,3,5,-4,3,7,29,26,25,18,18,18,18,18,17,18,17,
0,0,0,2,0,-2,-7,0,0,0,-12,-15,-37,0,-2,13,12,19,32,29,7,127,117,280,316,272,
228,559,613,616,689,660,888,992,0,0,0,0,0,0,0,0,0,0,0,130,129,159,133,136,130,
122,122,122,8,8,134,133,133,130,128,130,128,128,128,128,128,128,128,128,128,
128,128,128,128,130,128,128,128,128,5,128,109,128,128,128,128,142,142,83,83,83,
68,68,68,68,68,68,68,68,68,68,68,68,68,68,68,25,0,25,0,0,0,0,0,0,0,0,0,0,0,0,0,
0,0,0,0,0,0,0,0,0,0,0,0,0,0,0,0,0,0,0,0,0,0,0,0,187,187,1016,1016]} 1. d4 d5 2.
Nf3 e6 3. Bf4 Nf6 4. Nbd2 Be7 5. e3 c5 6. dxc5 Bxc5 7. Nb3 Bb6 8. c4 O-O 9.
cxd5 Nxd5 10. Bg5 Ba5+ 11. Nxa5 Qxa5+ 12. Qd2 Qxd2+ 13. Nxd2 f6 14. Bf4 Nxf4
15. exf4 Nc6 16. Rc1 Rd8 17. Nf3 Rd6 18. Be2 Bd7 19. O-O Rd8 20. Rfd1 Be8 21.
Rxd6 Rxd6 22. Rd1 Rxd1+ 23. Bxd1 Bf7 24. a3 Kf8 25. Ba4 Ne7 26. Nd4 Nd5 27. g3
Ke7 28. Bb3 Nc7 29. Kf1 g6 30. Ke2 e5 31. fxe5 fxe5 32. Bxf7 Kxf7 33. Nf3 Kf6
34. Kd3 Kf5 35. Nh4+ Ke6 36. Ke4 Nd5 37. h3 Nf6+ 38. Ke3 Kd5 39. Nf3 a5 40. Nd2
a4 41. b3 axb3 42. Nxb3 b6 43. Nd2 Kc5 44. Ne4+ Nxe4 45. Kxe4 Kd6 46. g4 h6 47.
h4 Ke6 48. h5 gxh5 49. gxh5 Kf6 50. Kd5 Kf5 51. Kc6 e4 52. Kxb6 Kf4 53. a4 Kf3
54. a5 Kxf2 55. a6 e3 56. a7 e2 57. a8=Q e1=Q 58. Qf8+ Kg2 59. Qxh6 Kh3 60. Qg5
Qe6+ 61. Kc7 Qf7+ 62. Kd6 Qf8+ 63. Qe7 Qb8+ 64. Ke6 Qb3+ 65. Kf6 Qf3+ 66. Kg6
Qc6+ 67. Qf6 Qe8+ 68. Kg5 Qe3+ 69. Qf4 Qe7+ 70. Qf6 Qe3+ 71. Kg6 Qe8+ 72. Kh6
Qe3+ 73. Kg7 Qa7+ 74. Kg8 Qb8+ 75. Kf7 Qc7+ 76. Ke8 Qb8+ 77. Kf7 Qc7+ 78. Kg6
Qg3+ 79. Kh7 Qd3+ 80. Kh8 Qd5 81. h6 Qa8+ 82. Kg7 Qg2+ 83. Kh7 Qc2+ 84. Kg7
Qg2+ 85. Kf7 Qb7+ 86. Kg6 Qg2+ {(1.Stellung)} 87. Qg5 Qc6+ 88. Qf6 Qg2+ {
(zweimal gleiche Stellung)} 89. Qg5 Qc6+ 90. Kh5 Qf3+ 91. Kg6 Qc6+ 92. Qf6 Qg2+
{(dreimal gleiche Stellung)} 93. Kh7 Qe4+ 94. Kg7 Qb7+ 95. Kg8 Qc8+ 96. Kf7
Qd7+ 97. Qe7 Qf5+ 98. Qf6 Qd7+ 99. Kg6 Qg4+ 100. Qg5 Qe6+ 101. Kh7 Qd7+ 102.
Qg7 Qf5+ 103. Kh8 Qc8+ 104. Qg8 Qc3+ 105. Kh7 Qd3+ 106. Qg6 Qd7+ 107. Kh8 Qd8+
108. Kg7 Qe7+ 109. Qf7 Qg5+ 110. Kh7 Qg2 111. Qh5+ 1-0

[Event "Hamburg Harburg - ch 14th D"]
[Site "Hamburg"]
[Date "2019.07.26"]
[Round "1.3"]
[White "Raedisch, Peter"]
[Black "Kaiser, Guenter"]
[Result "1-0"]
[WhiteElo "1595"]
[BlackElo "1704"]
[PlyCount "69"]
[EventDate "2019.07.26"]
[EventType "tourn"]
[EventRounds "5"]
[EventCountry "GER"]
[WhiteTeam "SF Hamburg e.V. 1934"]
[BlackTeam "SK Union Eimsbuettel eV"]

1. e4 Nf6 2. e5 Nd5 3. c4 Nb6 4. d4 d6 5. Nf3 Bg4 6. h3 Bh5 7. Bf4 dxe5 8. Bxe5
f6 9. Bg3 c6 10. Nbd2 a5 11. a4 Na6 12. Be2 e6 13. O-O Be7 14. Nh4 Bf7 15. Nb3
Nd7 16. Bh5 O-O 17. Bxf7+ Rxf7 18. Qe2 Nf8 19. Rad1 b6 20. f4 Bb4 21. f5 Re7
22. Qf3 Qc8 23. fxe6 Nxe6 24. Nf5 Rd7 25. Qg4 Nac7 26. Nh4 Ng5 27. Nf5 Ne8 28.
h4 Nf7 29. c5 bxc5 30. Nxc5 Bxc5 31. dxc5 Rxd1 32. Ne7+ Kf8 33. Nxc8 Rd8 34.
Nb6 Ra7 35. Qf3 1-0

[Event "Hamburg Harburg - ch 14th D"]
[Site "Hamburg"]
[Date "2019.07.26"]
[Round "1.2"]
[White "Frenz Evers, Hartmut"]
[Black "Lohmann, Rene Alexander"]
[Result "1/2-1/2"]
[WhiteElo "1595"]
[BlackElo "1506"]
[PlyCount "31"]
[EventDate "2019.07.26"]
[EventType "tourn"]
[EventRounds "5"]
[EventCountry "GER"]
[WhiteTeam "Stader SV"]
[BlackTeam "SK Wilhelmsburg 1936 eV"]

1. d4 e6 2. Nf3 Nf6 3. Bg5 d5 4. e3 Nbd7 5. c4 c6 6. Nbd2 Be7 7. Bd3 O-O 8. O-O
Re8 9. Rc1 Ng4 10. Bf4 Nf8 11. h3 Nf6 12. c5 Ng6 13. Bh2 Nd7 14. Bb1 Bf6 15.
Bxg6 hxg6 16. Ne5 1/2-1/2

[Event "Hamburg Harburg - ch 14th D"]
[Site "Hamburg"]
[Date "2019.07.27"]
[Round "2.1"]
[White "Fasahat, Hossein"]
[Black "Kaiser, Guenter"]
[Result "1-0"]
[WhiteElo "1514"]
[BlackElo "1704"]
[PlyCount "123"]
[EventDate "2019.07.26"]
[EventType "tourn"]
[EventRounds "5"]
[EventCountry "GER"]
[WhiteTeam "Hamburger SK von 1830 eV"]
[BlackTeam "SK Union Eimsbuettel eV"]

1. d4 d5 2. e3 Nf6 3. Bd3 e6 4. a3 c5 5. b3 cxd4 6. exd4 Bd6 7. Nf3 Nc6 8. Bb2
O-O 9. O-O a6 10. Nbd2 b5 11. c4 dxc4 12. bxc4 bxc4 13. Nxc4 Be7 14. Qd2 Nd5
15. Nfe5 Bb7 16. f4 g6 17. Be4 Rc8 18. Rad1 Nf6 19. Bf3 Qc7 20. Rc1 Qd8 21.
Rfd1 Nd5 22. Nxc6 Bxc6 23. Ne5 Bb7 24. Rxc8 Qxc8 25. Rc1 Qd8 26. Be4 Qd6 27. g3
Rc8 28. Rf1 Rd8 29. Qd3 a5 30. Qb3 Ba6 31. Rf2 Rb8 32. Qa2 Nb6 33. Rc2 Na4 34.
Nc6 Rxb2 35. Nxe7+ Qxe7 36. Rxb2 Nxb2 37. Qxb2 Qd6 38. Qc3 Qb6 39. Bd3 Bb7 40.
Qc5 Qb2 41. Bf1 a4 42. Qd6 Qb1 43. Qb8+ Kg7 44. Qe5+ f6 45. Qxe6 Qb3 46. Qe7+
Qf7 47. Qxf7+ Kxf7 48. Bb5 Ke6 49. Bxa4 Kd5 50. Bb3+ Kxd4 51. Bg8 h6 52. Kf2
Bc6 53. Bh7 Be8 54. Ke2 Kc3 55. Ke3 f5 56. h4 h5 57. a4 Kb4 58. Kd4 Kxa4 59.
Ke5 Kb4 60. Kf6 Kc5 61. Bxg6 Bxg6 62. Kxg6 1-0

[Event "Hamburg Harburg - ch 14th D"]
[Site "Hamburg"]
[Date "2019.07.27"]
[Round "2.3"]
[White "Altenburg, Nils"]
[Black "Frenz Evers, Hartmut"]
[Result "1-0"]
[WhiteElo "1497"]
[BlackElo "1595"]
[PlyCount "63"]
[EventDate "2019.07.26"]
[EventType "tourn"]
[EventRounds "5"]
[EventCountry "GER"]
[WhiteTeam "Hamburger SK von 1830 eV"]
[BlackTeam "Stader SV"]

1. d4 Nf6 2. Nf3 g6 3. Bf4 Bg7 4. e3 d6 5. Bc4 O-O 6. O-O Nbd7 7. Nbd2 Nb6 8.
Bb3 Bd7 9. c3 Qe8 10. Re1 Ba4 11. e4 Rc8 12. e5 Nfd5 13. exd6 e6 14. Bg3 Qd7
15. dxc7 Nxc7 16. Ne5 Bxe5 17. Bxe5 Bc6 18. Ne4 Ne8 19. Nf6+ Nxf6 20. Bxf6 Nd5
21. Bxd5 Qxd5 22. Qg4 h5 23. Qg3 Qf5 24. Be7 Rfe8 25. Re5 Qg4 26. Qxg4 hxg4 27.
Bf6 Bd7 28. Rae1 Rc6 29. R1e4 Rb6 30. Rxg4 Rxb2 31. h3 Rb1+ 32. Kh2 1-0

[Event "Hamburg Harburg - ch 14th D"]
[Site "Hamburg"]
[Date "2019.07.27"]
[Round "2.2"]
[White "Lohmann, Rene Alexander"]
[Black "Raedisch, Peter"]
[Result "0-1"]
[WhiteElo "1506"]
[BlackElo "1595"]
[PlyCount "48"]
[EventDate "2019.07.26"]
[EventType "tourn"]
[EventRounds "5"]
[EventCountry "GER"]
[WhiteTeam "SK Wilhelmsburg 1936 eV"]
[BlackTeam "SF Hamburg e.V. 1934"]

1. e4 e5 2. Nf3 Nc6 3. Bc4 Bc5 4. b4 Bxb4 5. c3 Ba5 6. d4 exd4 7. O-O dxc3 8.
Qb3 Qe7 9. Nxc3 Bxc3 10. Qxc3 Qf6 11. e5 Qe7 12. Ba3 Qd8 13. Qb3 Nh6 14. Qc3
Ne7 15. e6 O-O 16. Bb2 Nef5 17. exf7+ Kh8 18. Qb3 d6 19. Rfe1 c6 20. Re2 b5 21.
Rae1 bxc4 22. Re8 cxb3 23. Rxd8 Bd7 24. Rxd7 Rxf7 0-1

[Event "Hamburg Harburg - ch 14th D"]
[Site "Hamburg"]
[Date "2019.07.27"]
[Round "3.2"]
[White "Raedisch, Peter"]
[Black "Altenburg, Nils"]
[Result "1-0"]
[WhiteElo "1595"]
[BlackElo "1497"]
[PlyCount "119"]
[EventDate "2019.07.26"]
[EventType "tourn"]
[EventRounds "5"]
[EventCountry "GER"]
[WhiteTeam "SF Hamburg e.V. 1934"]
[BlackTeam "Hamburger SK von 1830 eV"]

1. e4 c6 2. d4 d5 3. exd5 cxd5 4. Nf3 Nf6 5. Be2 Bf5 6. c3 e6 7. Nbd2 Nbd7 8.
Nh4 Bg6 9. O-O Bd6 10. f4 Ne4 11. Nxe4 Bxe4 12. Nf3 h6 13. Ne5 f5 14. Bh5+ Kf8
15. Ng6+ Kg8 16. Nxh8 Kxh8 17. Qe1 Nf6 18. Bf3 Rc8 19. Qh4 Bc7 20. Qh3 Qe8 21.
Be2 Qg6 22. Qg3 Qf7 23. Be3 a6 24. Qh3 Qg6 25. Bf2 Bd6 26. Bh4 Nh5 27. Bxh5
Qxh5 28. Rae1 Kg8 29. Bg3 Qg6 30. Re3 Rc6 31. Be1 Rc7 32. Rg3 Qf6 33. Qh5 Rc8
34. Rg6 Qf7 35. Qxh6 b5 36. h4 b4 37. h5 bxc3 38. Bxc3 a5 39. Qg5 Be7 40. Qg3
Kh7 41. Re1 Bf6 42. Re3 a4 43. a3 Bc2 44. Qh3 Bd1 45. Re1 Bg4 46. Rxg4 fxg4 47.
Qxg4 Rc6 48. Qh3 Qa7 49. Kh1 Bxd4 50. Qd3+ Kg8 51. Qxd4 Qf7 52. Qe5 Rc4 53.
Qxe6 Rxf4 54. Qe8+ Kh7 55. Qxf7 Rxf7 56. Re5 Rd7 57. Bd4 g6 58. g4 gxh5 59.
Rxh5+ Kg6 60. Kg2 1-0

[Event "Hamburg Harburg - ch 14th D"]
[Site "Hamburg"]
[Date "2019.07.27"]
[Round "3.1"]
[White "Frenz Evers, Hartmut"]
[Black "Fasahat, Hossein"]
[Result "1-0"]
[WhiteElo "1595"]
[BlackElo "1514"]
[PlyCount "145"]
[EventDate "2019.07.26"]
[EventType "tourn"]
[EventRounds "5"]
[EventCountry "GER"]
[WhiteTeam "Stader SV"]
[BlackTeam "Hamburger SK von 1830 eV"]

{[%evp 0,40,22,44,23,22,19,14,15,14,12,2,2,12,24,20,20,20,17,17,17,16,16,2,56,
3,8,-51,-17,-66,-22,-32,4,-6,15,-12,9,10,43,6,-10,-58,-9]} 1. d4 d5 2. Nf3 e6
3. Bg5 Be7 4. Bxe7 Qxe7 5. a3 Nf6 6. e3 c6 7. Nbd2 Nbd7 8. c4 b6 9. Rc1 Bb7 10.
Bd3 O-O 11. O-O e5 12. dxe5 Nxe5 13. Bb1 Nxf3+ 14. Nxf3 Rfd8 15. Qc2 h6 16.
Rfe1 Rac8 17. Qa4 Ba8 18. Bf5 Rc7 19. Qc2 c5 20. Qc3 Re8 21. Rcd1 dxc4 22. Qxc4
Bxf3 23. gxf3 Qe5 24. Qc2 Rce7 25. f4 {(=)} Qc7 26. Rd2 Ne4 27. Rd3 Nd6 28. Bh3
c4 29. Rd5 b5 30. Red1 Rd8 31. Qd2 Red7 32. Bxd7 Qxd7 33. Rxd6 Qg4+ 34. Kf1
Qh3+ 35. Ke1 Rxd6 36. Qxd6 Qxh2 37. Qd5 Qg1+ 38. Ke2 Qg4+ 39. Qf3 Qg6 40. Rd2
a6 41. Rd5 Qc2+ 42. Rd2 Qg6 43. f5 Qf6 44. e4 a5 45. Qc3 Qh4 46. Qg3 Qxe4+ 47.
Kf1 Qxf5 48. Qe3 b4 49. axb4 axb4 50. Qd4 Qb5 51. Ke1 Qa6 52. Rc2 Qa1+ 53. Kd2
c3+ 54. bxc3 b3 55. Qd8+ Kh7 56. Qd3+ Kg8 57. Rc1 b2 58. Re1 g5 59. Rb1 Qa3 60.
Kc2 Kg7 61. Qd4+ Kg6 62. Rxb2 Qe7 63. Kd3 h5 64. Qe4+ Qxe4+ 65. Kxe4 h4 66.
Rb6+ Kh5 67. Kf3 f5 68. c4 f4 69. c5 h3 70. c6 g4+ 71. Kxf4 h2 72. Rb1 Kh4 73.
c7 1-0

[Event "Hamburg Harburg - ch 14th D"]
[Site "Hamburg"]
[Date "2019.07.27"]
[Round "3.3"]
[White "Kaiser, Guenter"]
[Black "Lohmann, Rene Alexander"]
[Result "0-1"]
[WhiteElo "1704"]
[BlackElo "1506"]
[PlyCount "88"]
[EventDate "2019.07.26"]
[EventType "tourn"]
[EventRounds "5"]
[EventCountry "GER"]
[WhiteTeam "SK Union Eimsbuettel eV"]
[BlackTeam "SK Wilhelmsburg 1936 eV"]

1. d4 d5 2. c4 Nf6 3. Nc3 e6 4. e3 Nbd7 5. Nf3 c6 6. Bd3 Bd6 7. h3 O-O 8. Qc2
Re8 9. c5 Bc7 10. b4 e5 11. dxe5 Nxe5 12. Nxe5 Bxe5 13. O-O h6 14. Bb2 Bd7 15.
Ne2 Bc7 16. Bf5 Ne4 17. Bxd7 Qxd7 18. Nc3 Ng5 19. h4 Nh7 20. Rad1 Qe7 21. g3
Nf6 22. Qf5 a5 23. a3 axb4 24. axb4 b6 25. Ne2 Qe4 26. Nd4 bxc5 27. bxc5 Be5
28. Ra1 Qxf5 29. Nxf5 Bxb2 30. Rxa8 Rxa8 31. Ne7+ Kf8 32. Nxc6 Ne4 33. Rb1 Ra1
34. Rxa1 Bxa1 35. Nb4 Nxc5 36. Nxd5 Ke8 37. g4 Kd7 38. f3 Kd6 39. e4 g6 40. Kg2
f5 41. exf5 gxf5 42. Nf4 Bf6 43. Kg3 Be5 44. gxf5 Nd3 0-1

[Event "Hamburg Harburg - ch 14th D"]
[Site "Hamburg"]
[Date "2019.07.27"]
[Round "4.1"]
[White "Fasahat, Hossein"]
[Black "Lohmann, Rene Alexander"]
[Result "1-0"]
[WhiteElo "1514"]
[BlackElo "1506"]
[PlyCount "41"]
[EventDate "2019.07.26"]
[EventType "tourn"]
[EventRounds "5"]
[EventCountry "GER"]
[WhiteTeam "Hamburger SK von 1830 eV"]
[BlackTeam "SK Wilhelmsburg 1936 eV"]

1. d4 d5 2. e3 Nf6 3. Bd3 e6 4. a3 Nbd7 5. Nf3 Bd6 6. b3 O-O 7. Bb2 Re8 8. Ne5
c6 9. Nd2 Qc7 10. f4 b6 11. O-O a5 12. Qe2 c5 13. c4 Bb7 14. Rac1 Qd8 15. Rfe1
dxc4 16. bxc4 cxd4 17. exd4 Qe7 18. Nb1 Ba6 19. Qf3 Rec8 20. f5 exf5 21. Nxd7
1-0

[Event "Hamburg Harburg - ch 14th D"]
[Site "Hamburg"]
[Date "2019.07.28"]
[Round "4.3"]
[White "Frenz Evers, Hartmut"]
[Black "Raedisch, Peter"]
[Result "1-0"]
[WhiteElo "1595"]
[BlackElo "1595"]
[PlyCount "125"]
[EventDate "2019.07.26"]
[EventType "tourn"]
[EventRounds "5"]
[EventCountry "GER"]
[WhiteTeam "Stader SV"]
[BlackTeam "SF Hamburg e.V. 1934"]

{[%evp 0,25,19,34,18,16,48,4,10,-1,21,-1,15,12,121,95,96,45,32,-58,-67,-64,-64,
-56,-62,-50,-48,-62]} 1. d4 d5 2. Nf3 a6 3. Bg5 Nc6 4. e3 Bf5 5. c4 h6 6. Bh4
Qd7 7. cxd5 Qxd5 8. Nbd2 e6 9. e4 Bxe4 10. Bc4 Bxf3 11. Bxd5 Bxd1 12. Bxc6+
bxc6 13. Rxd1 f5 14. Bg3 Bd6 15. Be5 Kf7 16. O-O Ne7 17. Rc1 Rab8 18. b3 Rb5
19. Nc4 Rd8 20. Rc3 g5 21. a4 Rb4 22. Rb1 g4 23. h3 h5 24. Na5 Rdb8 25. Nc4 Rd8
26. Na5 Bxe5 27. dxe5 Rd5 28. Nxc6 Nxc6 29. Rxc6 Rb7 30. Rxa6 Rxe5 31. hxg4
hxg4 32. Rc6 Kf6 33. Rc3 c5 34. Rbc1 f4 35. Rb1 Kf5 36. Rbc1 Rb4 37. Rxc5 Rxb3
38. Rxe5+ Kxe5 39. Ra1 Kd6 40. a5 Rb7 41. a6 Ra7 42. Ra5 e5 43. Kf1 Kc6 44. Ke2
e4 45. g3 fxg3 46. fxg3 Kd7 47. Ke3 Kc7 48. Kxe4 Kb6 49. Ra3 Kc6 50. Kf4 Kb6
51. Kxg4 Rg7+ 52. Kh3 Ka7 53. g4 Rh7+ 54. Kg3 Rg7 55. Ra4 Rg8 56. Kh4 Kb6 57.
a7 Ra8 58. g5 Kb5 59. Ra1 Kc5 60. g6 Kd6 61. g7 Ke5 62. g8=Q Rxg8 63. a8=Q 1-0